Statistics for Countries with the Most Women (Females)

Click here to take the quiz!

General Stats

  • This quiz has been taken 61 times
  • The average score is 18 of 20

Answer Stats

Women Country % Correct
103,926,768Brazil
100%
667,674,757China
100%
163,984,772United States
100%
618,235,577India
100%
78,787,478Russia
98%
65,030,769Japan
96%
129,352,500Indonesia
96%
92,371,406Pakistan
96%
62,384,439Mexico
95%
82,927,979Bangladesh
95%
91,660,784Nigeria
91%
41,349,746Germany
87%
39,151,139Iran
87%
51,477,200Philippines
84%
44,630,640Egypt
82%
46,805,079Ethiopia
80%
46,313,131Vietnam
80%
38,980,719Turkey
78%
32,958,860Thailand
75%
42,726,633DR Congo
75%

Score Distribution

Percentile by Number Answered

Percent of People with Each Score

Your Score History

You have not taken this quiz